<?xml version="1.0" encoding="UTF-8"?>
<record
    xmlns:xsi="http://www.w3.org/2001/XMLSchema-instance"
    xsi:schemaLocation="http://www.loc.gov/MARC21/slim http://www.loc.gov/standards/marcxml/schema/MARC21slim.xsd"
    xmlns="http://www.loc.gov/MARC21/slim">

  <leader>02874nam a22002897a 4500</leader>
  <controlfield tag="005">20091211111325.0</controlfield>
  <datafield tag="020" ind1=" " ind2=" ">
    <subfield code="a">9788123755861</subfield>
    <subfield code="c">35.00</subfield>
  </datafield>
  <datafield tag="035" ind1=" " ind2=" ">
    <subfield code="a">B-375243-250</subfield>
  </datafield>
  <datafield tag="037" ind1=" " ind2=" ">
    <subfield code="b">&#x924;&#x930;&#x942;&#x923; &#x92C;&#x941;&#x915;&#x94D;&#x938;/ VEN</subfield>
  </datafield>
  <datafield tag="082" ind1=" " ind2=" ">
    <subfield code="a">821</subfield>
  </datafield>
  <datafield tag="100" ind1=" " ind2=" ">
    <subfield code="a">&#x917;&#x941;&#x932;&#x947;&#x930;&#x940;, &#x92A;&#x94D;&#x930;&#x924;&#x94D;&#x92F;&#x941;&#x937;</subfield>
    <subfield code="9">17802</subfield>
  </datafield>
  <datafield tag="245" ind1=" " ind2=" ">
    <subfield code="a">&#x92C;&#x93E;&#x932;&#x917;&#x940;&#x924; /</subfield>
    <subfield code="c">&#x92A;&#x94D;&#x930;&#x924;&#x94D;&#x92F;&#x942;&#x937; &#x917;&#x941;&#x932;&#x947;&#x930;&#x940;</subfield>
  </datafield>
  <datafield tag="260" ind1=" " ind2=" ">
    <subfield code="a">&#x928;&#x908; &#x926;&#x93F;&#x932;&#x94D;&#x932;&#x940;</subfield>
    <subfield code="b">&#x928;&#x947;&#x936;&#x928;&#x932; &#x92C;&#x941;&#x915; &#x91F;&#x94D;&#x930;&#x938;&#x94D;&#x91F;</subfield>
    <subfield code="c">2009</subfield>
  </datafield>
  <datafield tag="270" ind1=" " ind2=" ">
    <subfield code="a">&#x928;&#x947;&#x939;&#x930;&#x942; &#x92D;&#x935;&#x928;, 5 &#x907;&#x902;&#x938;&#x94D;&#x91F;&#x940;&#x91F;&#x94D;&#x92F;&#x942;&#x936;&#x928;&#x932; &#x90F;&#x930;&#x93F;&#x92F;&#x93E;, &#x92B;&#x947;&#x91C;-11, &#x935;&#x938;&#x902;&#x924; &#x915;&#x941;&#x902;&#x91C;</subfield>
    <subfield code="b">&#x928;&#x908; &#x926;&#x93F;&#x932;&#x94D;&#x932;&#x940;</subfield>
    <subfield code="e">110070</subfield>
  </datafield>
  <datafield tag="300" ind1=" " ind2=" ">
    <subfield code="a">&#x935;&#x93F;.&#x92A;&#x943;</subfield>
    <subfield code="c">18&#x938;&#x947;&#x92E;&#x940; (&#x905;&#x91C;&#x93F;&#x932;&#x94D;&#x926;)</subfield>
  </datafield>
  <datafield tag="490" ind1=" " ind2=" ">
    <subfield code="a">&#x928;&#x947;&#x939;&#x930;&#x942; &#x92C;&#x93E;&#x932; &#x92A;&#x941;&#x938;&#x94D;&#x924;&#x915;&#x93E;&#x932;&#x92F;</subfield>
    <subfield code="9">17803</subfield>
  </datafield>
  <datafield tag="942" ind1=" " ind2=" ">
    <subfield code="2">ddc</subfield>
    <subfield code="c">CH</subfield>
    <subfield code="h">821</subfield>
    <subfield code="m">&#x917;&#x941;&#x932;&#x947;&#x930;&#x940;</subfield>
  </datafield>
  <datafield tag="999" ind1=" " ind2=" ">
    <subfield code="c">32506</subfield>
    <subfield code="d">32506</subfield>
  </datafield>
  <datafield tag="952" ind1=" " ind2=" ">
    <subfield code="0">0</subfield>
    <subfield code="1">0</subfield>
    <subfield code="4">0</subfield>
    <subfield code="7">0</subfield>
    <subfield code="8">NFIC</subfield>
    <subfield code="a">JP</subfield>
    <subfield code="b">JP</subfield>
    <subfield code="d">2010-08-31</subfield>
    <subfield code="e">&#x924;&#x930;&#x942;&#x923; &#x92C;&#x941;&#x915;&#x94D;&#x938;/2011/29.01.10/283/16.01.10/15.02.10</subfield>
    <subfield code="g">35.00</subfield>
    <subfield code="l">9</subfield>
    <subfield code="o">821 &#x917;&#x941;&#x932;&#x947;&#x930;&#x940;</subfield>
    <subfield code="p">B-375243</subfield>
    <subfield code="r">2018-06-28 00:00:00</subfield>
    <subfield code="s">2011-03-17</subfield>
    <subfield code="t">1</subfield>
    <subfield code="v">35.00</subfield>
    <subfield code="w">2010-08-31</subfield>
    <subfield code="y">CH</subfield>
  </datafield>
  <datafield tag="952" ind1=" " ind2=" ">
    <subfield code="0">1</subfield>
    <subfield code="1">0</subfield>
    <subfield code="4">0</subfield>
    <subfield code="7">0</subfield>
    <subfield code="8">NFIC</subfield>
    <subfield code="a">ZLS</subfield>
    <subfield code="b">ZLS</subfield>
    <subfield code="d">2010-08-31</subfield>
    <subfield code="e">&#x924;&#x930;&#x942;&#x923; &#x92C;&#x941;&#x915;&#x94D;&#x938;/2011/29.01.10/283/16.01.10/15.02.10</subfield>
    <subfield code="g">35.00</subfield>
    <subfield code="l">0</subfield>
    <subfield code="o">821 &#x917;&#x941;&#x932;&#x947;&#x930;&#x940;</subfield>
    <subfield code="p">B-375244</subfield>
    <subfield code="r">2010-08-31 00:00:00</subfield>
    <subfield code="t">1</subfield>
    <subfield code="v">35.00</subfield>
    <subfield code="y">CH</subfield>
  </datafield>
  <datafield tag="952" ind1=" " ind2=" ">
    <subfield code="0">0</subfield>
    <subfield code="1">0</subfield>
    <subfield code="4">0</subfield>
    <subfield code="7">0</subfield>
    <subfield code="8">NFIC</subfield>
    <subfield code="a">RKP</subfield>
    <subfield code="b">RKP</subfield>
    <subfield code="d">2010-08-31</subfield>
    <subfield code="e">&#x924;&#x930;&#x942;&#x923; &#x92C;&#x941;&#x915;&#x94D;&#x938;/2011/29.01.10/283/16.01.10/15.02.10</subfield>
    <subfield code="g">35.00</subfield>
    <subfield code="l">1</subfield>
    <subfield code="o">821 &#x917;&#x941;&#x932;&#x947;&#x930;&#x940;</subfield>
    <subfield code="p">B-375245</subfield>
    <subfield code="r">2020-01-21 00:00:00</subfield>
    <subfield code="s">2020-01-10</subfield>
    <subfield code="t">1</subfield>
    <subfield code="v">35.00</subfield>
    <subfield code="w">2010-08-31</subfield>
    <subfield code="y">CH</subfield>
  </datafield>
  <datafield tag="952" ind1=" " ind2=" ">
    <subfield code="0">1</subfield>
    <subfield code="1">0</subfield>
    <subfield code="4">0</subfield>
    <subfield code="7">0</subfield>
    <subfield code="8">NFIC</subfield>
    <subfield code="a">AG</subfield>
    <subfield code="b">AG</subfield>
    <subfield code="d">2010-08-31</subfield>
    <subfield code="e">&#x924;&#x930;&#x942;&#x923; &#x92C;&#x941;&#x915;&#x94D;&#x938;/2011/29.01.10/283/16.01.10/15.02.10</subfield>
    <subfield code="g">35.00</subfield>
    <subfield code="l">0</subfield>
    <subfield code="o">821 &#x917;&#x941;&#x932;&#x947;&#x930;&#x940;</subfield>
    <subfield code="p">B-375246</subfield>
    <subfield code="r">2010-08-31 00:00:00</subfield>
    <subfield code="t">1</subfield>
    <subfield code="v">35.00</subfield>
    <subfield code="w">2010-08-31</subfield>
    <subfield code="y">CH</subfield>
  </datafield>
  <datafield tag="952" ind1=" " ind2=" ">
    <subfield code="0">0</subfield>
    <subfield code="1">0</subfield>
    <subfield code="4">0</subfield>
    <subfield code="7">0</subfield>
    <subfield code="8">NFIC</subfield>
    <subfield code="a">SP</subfield>
    <subfield code="b">SP</subfield>
    <subfield code="d">2010-08-31</subfield>
    <subfield code="e">&#x924;&#x930;&#x942;&#x923; &#x92C;&#x941;&#x915;&#x94D;&#x938;/2011/29.01.10/283/16.01.10/15.02.10</subfield>
    <subfield code="g">35.00</subfield>
    <subfield code="l">0</subfield>
    <subfield code="o">821 &#x917;&#x941;&#x932;&#x947;&#x930;&#x940;</subfield>
    <subfield code="p">B-375247</subfield>
    <subfield code="r">2010-08-31 00:00:00</subfield>
    <subfield code="t">1</subfield>
    <subfield code="v">35.00</subfield>
    <subfield code="w">2010-08-31</subfield>
    <subfield code="y">CH</subfield>
  </datafield>
  <datafield tag="952" ind1=" " ind2=" ">
    <subfield code="0">0</subfield>
    <subfield code="1">0</subfield>
    <subfield code="4">0</subfield>
    <subfield code="7">0</subfield>
    <subfield code="8">NFIC</subfield>
    <subfield code="a">VP</subfield>
    <subfield code="b">VP</subfield>
    <subfield code="d">2010-08-31</subfield>
    <subfield code="e">&#x924;&#x930;&#x942;&#x923; &#x92C;&#x941;&#x915;&#x94D;&#x938;/2011/29.01.10/283/16.01.10/15.02.10</subfield>
    <subfield code="g">35.00</subfield>
    <subfield code="l">3</subfield>
    <subfield code="o">821 &#x917;&#x941;&#x932;&#x947;&#x930;&#x940;</subfield>
    <subfield code="p">B-375248</subfield>
    <subfield code="r">2013-02-18 00:00:00</subfield>
    <subfield code="s">2013-01-31</subfield>
    <subfield code="t">1</subfield>
    <subfield code="v">35.00</subfield>
    <subfield code="w">2010-08-31</subfield>
    <subfield code="y">CH</subfield>
  </datafield>
  <datafield tag="952" ind1=" " ind2=" ">
    <subfield code="0">0</subfield>
    <subfield code="1">0</subfield>
    <subfield code="4">0</subfield>
    <subfield code="7">0</subfield>
    <subfield code="8">NFIC</subfield>
    <subfield code="a">BL3</subfield>
    <subfield code="b">BL3</subfield>
    <subfield code="d">2010-08-31</subfield>
    <subfield code="e">&#x924;&#x930;&#x942;&#x923; &#x92C;&#x941;&#x915;&#x94D;&#x938;/2011/29.01.10/283/16.01.10/15.02.10</subfield>
    <subfield code="g">35.00</subfield>
    <subfield code="l">0</subfield>
    <subfield code="o">821 &#x917;&#x941;&#x932;&#x947;&#x930;&#x940;</subfield>
    <subfield code="p">B-375249</subfield>
    <subfield code="r">2010-08-31 00:00:00</subfield>
    <subfield code="t">1</subfield>
    <subfield code="v">35.00</subfield>
    <subfield code="w">2010-08-31</subfield>
    <subfield code="y">CH</subfield>
  </datafield>
  <datafield tag="952" ind1=" " ind2=" ">
    <subfield code="0">0</subfield>
    <subfield code="1">3</subfield>
    <subfield code="4">0</subfield>
    <subfield code="7">0</subfield>
    <subfield code="8">NFIC</subfield>
    <subfield code="a">BL4</subfield>
    <subfield code="b">BL4</subfield>
    <subfield code="d">2010-08-31</subfield>
    <subfield code="e">&#x924;&#x930;&#x942;&#x923; &#x92C;&#x941;&#x915;&#x94D;&#x938;/2011/29.01.10/283/16.01.10/15.02.10</subfield>
    <subfield code="g">35.00</subfield>
    <subfield code="l">0</subfield>
    <subfield code="o">821 &#x917;&#x941;&#x932;&#x947;&#x930;&#x940;</subfield>
    <subfield code="p">B-375250</subfield>
    <subfield code="r">2010-08-31 00:00:00</subfield>
    <subfield code="t">1</subfield>
    <subfield code="v">35.00</subfield>
    <subfield code="y">CH</subfield>
  </datafield>
</record>
